LEADER 00958nam0-2200325---450- 001 990008511230403321 005 20090331171150.0 010 $a3-540-38994-6 010 $a9783540389941 035 $a000851123 035 $aFED01000851123 035 $a(Aleph)000851123FED01 035 $a000851123 100 $a20070517d2007----km-y0itay50------ba 101 0 $aeng 102 $aDE 105 $aa---a---001yy 200 1 $a<>short course in quantum information theory$ean approach from theoretical physics$fLajos Diósi 210 $aBerlin [etc.]$cSpringer$dc2007 215 $aIX, 126 p.$cill.$d24 cm 225 1 $aLecture notes in physics$v713 610 0 $aQuantum computing 700 1$aDiósi,$bLajos$0431896 801 0$aIT$bUNINA$gRICA$2UNIMARC 901 $aBK 912 $a990008511230403321 952 $a22D-010$bD.S.F. 8857$fFI1 959 $aFI1 996 $aShort course in quantum information theory$9732208 997 $aUNINA LEADER 00990nam--2200325---450- 001 990002059450203316 005 20041007105721.0 035 $a000205945 035 $aUSA01000205945 035 $a(ALEPH)000205945USA01 035 $a000205945 100 $a20041007d197278--km-y0itay0103----ba 101 0 $aeng 102 $aUS 105 $a||||||||001yy 200 1 $aPeaceful settlement among African States$eroles of the United Nation and the organization of African Unity$fB. Andemicael 210 $aNew York$cU.N. Istitute for Training and Research$d1972 215 $aVI, 68 p.$d21 cm 410 0$12001 454 1$12001 461 1$1001-------$12001 700 1$aANDEMICAEL,$bBerhanykun$0242788 801 0$aIT$bsalbc$gISBD 912 $a990002059450203316 951 $aIG VIII 8 521$b39844 G.$cIG VIII 959 $aBK 969 $aGIU 979 $aSIAVPROV$b10$c20041007$lUSA01$h1057 996 $aPeaceful settlement among African States$91042985 997 $aUNISA